000
00219nam a2200097Ia 4500
008
230907s9999||||xx |||||||||||||| ||und||
082
_a
621.36,STE
245
0
_a
Optical coatings/
300
_a
xxv, 378 p.:
942
_c
BK
999
_c
597489
_d
597489